Prague Tram Stops - Statistics

General Stats
  • This quiz has been taken 187 times
  • The average score is 88 of 272
Answer Stats
Name % Correct
Anděl
88%
I. P. Pavlova
83%
Karlovo náměstí
83%
Hlavní nádraží
80%
Hradčanská
77%
Malostranská
77%
Náměstí Republiky
77%
Národní třída
76%
Sparta
76%
Nádraží Holešovice
74%
Národní divadlo
73%
Flora
71%
Smíchovské nádraží
71%
Václavské náměstí
71%
Muzeum
70%
Náměstí Míru
70%
Palmovka
70%
Staroměstská
70%
Újezd
70%
Dejvická
68%
Florenc
67%
Strossmayerovo náměstí
67%
Malostranské náměstí
65%
Vltavská
64%
Želivského
64%
Petřiny
62%
Masarykovo nádraží
61%
Strašnická
61%
Bořislavka
59%
Vodičkova
59%
Jindřišská
58%
Lazarská
58%
Sídliště Řepy
58%
Jiřího z Poděbrad
56%
Kobylisy
56%
Letenské náměstí
56%
Výtoň
56%
Arbesovo náměstí
55%
Palackého náměstí
55%
Pražského povstání
55%
Pražský hrad
55%
Ruská
55%
Sídliště Barrandov
55%
Bílá Hora
53%
Nádraží Veleslavín
53%
Štěpánská
53%
Divoká Šárka
52%
Motol
52%
Slavia
52%
Albertov
50%
Hellichova
50%
Invalidovna
50%
Křižíkova
50%
Moráň
50%
Spojovací
50%
Krymská
48%
Lihovar
48%
Radlická
48%
Vysočanská
48%
Olšanské hřbitovy
47%
Koh-i-noor
45%
Bílá labuť
44%
Bohemians
44%
Italská
44%
Nákladové nádraží Žižkov
44%
Na Knížecí
44%
Náměstí bratří Synků
44%
Švandovo divadlo
44%
Vítězné náměstí
44%
Čechův most
42%
Chotkovy sady
42%
Lehovec
42%
Nádraží Vršovice
42%
Ohrada
42%
Vypich
42%
Dělnická
41%
Dlouhá třída
41%
Karlovy lázně
41%
Nádraží Podbaba
41%
Sídliště Petřiny
41%
Vozovna Žižkov
41%
Krejcárek
39%
Malovanka
39%
Vinohradská vodárna
39%
Vozovna Střešovice
39%
Geologická
38%
Husinecká
38%
Kotlářka
38%
Královský letohrádek
38%
Ládví
38%
Nábřeží kapitána Jaroše
38%
Olšanská
38%
Pohořelec
38%
Prašný most
38%
Sídliště Ďáblice
38%
Biskupcova
36%
Depo Hostivař
36%
Hloubětín
36%
Jana Masaryka
36%
Kamenická
36%
Kolbenova
36%
Olšanské náměstí
36%
Orionka
36%
Právnická fakulta
36%
Pražská tržnice
36%
Šumavská
36%
Výstaviště Holešovice
36%
Chaplinovo náměstí
35%
Karlínské náměstí
35%
Krematorium Strašnice
35%
Kubánské náměstí
35%
Lipanská
35%
Nádraží Hostivař
35%
Vozovna Motol
35%
Vozovna Pankrác
35%
Divadlo Na Fidlovačce
33%
Jiráskovo náměstí
33%
Korunovační
33%
Maniny
33%
Mezi hřbitovy
33%
Spořilov
33%
Zborov
33%
Čechovo náměstí
32%
Hlubočepy
32%
Myslíkova
32%
Nádraží Braník
32%
Novoměstská radnice
32%
Nuselské schody
32%
Podolská vodárna
32%
Kavalírka
30%
Nádraží Libeň
30%
Vojenská nemocnice
30%
Zelená
30%
Zlíchov
30%
Plzeňka
29%
Poliklinika Barrandov
29%
Červený vrch
27%
Dvorce
27%
Krematorium Motol
27%
Sídliště Modřaný
27%
Veletržní palác
27%
Vršovické náměstí
27%
Zahradní Město
27%
Bertramka
26%
Botanická zahrada
26%
Černý kůň
26%
Klamovka
26%
Libeňský most
26%
Lotyšská
26%
Balabenka
24%
Belárie
24%
Černokostelecká
24%
Hotel Golf
24%
Nádraží Modřany
24%
Nádraží Strašnice
24%
Ortenovo náměstí
24%
Otakarova
24%
Trojská
24%
Vozovna Kobylisy
24%
Vozovna Vokovice
24%
ČSAD Smíchov
23%
Divadlo Gong
23%
Drinopol
23%
Nádraží Vysočany
23%
Perunova
23%
Tusarova
23%
Urxova
23%
Ústřední dílny DP
23%
Vinohradská tržnice
23%
Břevnovský klášter
21%
Bulovka
21%
Chmelnice
21%
Hládkov
21%
Kublov
21%
Laurová
21%
Pod Karlovem
21%
U kaštanu
21%
Zvonařka
21%
Blatiny
20%
Hadovka
20%
K Barrandovu
20%
Ořechovka
20%
Průběžná
20%
Radhošťská
20%
Sibeliova
20%
Slánská
20%
U kříže
20%
Větrník
20%
Vinice
20%
Vozovna Hloubětín
20%
Zborovská
20%
Březiněveská
18%
Horky
18%
Ke Stírce
18%
Levského
18%
Marjánka
18%
Přístaviště
18%
Thákurova
18%
U Zvonu
18%
Divadlo pod Palmovkou
17%
Hostivařská
17%
Malý Břevnov
17%
Multiaréna Praha
17%
Nad Džbánem
17%
Na padesátém
17%
Na Veselí
17%
Nový Hloubětín
17%
Obora Hvězda
17%
Sídliště Hloubětín
17%
Škola Radlice
17%
Starý Hloubětín
17%
Strážní
17%
Svatoplukova
17%
Teplárna Michle
17%
Vinohradské hřbitovy
17%
Braunova
15%
Hlušičkova
15%
Kněžská luka
15%
Křížová
15%
Michelská
15%
Nuselská radnice
15%
Štvanice
15%
U průhonu
15%
Kbelská
14%
Kyselova
14%
Nademlejnská
14%
Ostrčilovo náměstí
14%
Palouček
14%
Pobřežní cesta
14%
Podkovářská
14%
Poliklinika Modřany
14%
Poliklinika Vysočany
14%
Radošovická
14%
Sídliště Červený vrch
14%
Střelničná
14%
Chodovská
12%
Hercovka
12%
Královka
12%
Nad Trojou
12%
Na hroudě
12%
Nové Strašnice
12%
Poštovka
12%
Říčanova
12%
Sídliště Zahradní Město
12%
Solidarita
12%
Těšnov
12%
U Elektry
12%
Vosmíkových
12%
Modřanská škola
11%
Obchodní centrum Hostivař
11%
Ocelářská
11%
Plynárna Michle
11%
Pod Jezerkou
11%
Poštovská
11%
Štěpničná
11%
Vychovatelna
11%
Libeňský zámek
9%
Modřanská rokle
9%
Nad Primaskou
9%
Na Groši
9%
Na Homoli
9%
Špitálská
9%
Bateria
8%
Dubečská
8%
Kabešova
8%
Líbeznická
8%
Malešická továrna
8%
U Libušského potoka
8%
Třebenická
6%
Na pískách
5%
Čechova čtvrť
3%
Oklouhlická
0%
No matching quizzes found
Score Distribution
Percent of People with Each Score
Percentile by Number Answered
Your Score History
You have not taken this quiz